00623nam a2200181Ia 4500008004100000020001400041041000800055082001700063100002400080245006700104260003900171300001700210365000700227650002500234906005400259999001900313952010900332210719s1969 xx 000 0 und d a132918153 aeng a658.403 WALE aWALTON (Clarence C) aEthos and the executive: values in managerial decision making. aNew Jersey.bPrentice Hall.,c1969 axiii,267bPB cRs aExecutive Management aEthos Executive Values Managerial Decision Making c212440d212440 001040708ManagementaALbALd1995-10-20l0o658.403 WALEpD00536r2021-07-19 00:00:00w2021-07-19yDB